Th1rteen r3asons why / by Jay Asher.
Available copies
- 3 of 3 copies available at LARL/NWRL Consortium.
- 1 of 1 copy available at Lake Agassiz Regional Library. (Show preferred library)
Current holds
0 current holds with 3 total copies.
Show All Copies
| Location | Call Number / Copy Notes | Barcode | Shelving Location | Status | Due Date |
|---|---|---|---|---|---|
| Detroit Lakes Public Library | Y ASH (Text) | 33500012459053 | Main | Available | - |
| Godel Memorial-Warren Library | ya ASH (Text) | 35500005184369 | Main | Available | - |
| Roseau Public Library | ya ASH (Text) | 35500006162224 | Main | Available | - |
Record details
- ISBN: 9781595147882
- ISBN: 1595147888
- ISBN: 9781595141712
- ISBN: 9781595141880
- Physical Description: 288 pages, 42 unnumbered pages ; 22 cm
- Edition: Deluxe tenth anniversary edition
- Publisher: [New York] : Razorbill, [2016]
- Copyright: ©2007
Content descriptions
| General Note: | Featuring : an introduction from Jay Asher, deleted scenes, original ending, and discussion guide. "Soon to be a Netflix original series" -- sticker on jacket. |
| Summary, etc.: | When high school student Clay Jenkins receives a ... Read More |
Search for related items by subject
| Genre: | Fiction. Juvenile works. |
| LDR | 02808cam a2200637Ii 4500 | ||
|---|---|---|---|
| 001 | 243299 | ||
| 003 | LARL_NWRL_CONSORTIUM | ||
| 005 | 20170426150157.0 | ||
| 008 | 160330t20162007nyu d 000 1 eng d | ||
| 010 | . | ‡a 2007003097 | |
| 040 | . | ‡aYDXCP ‡beng ‡erda ‡cYDXCP ‡dBTCTA ‡dOCLCQ ‡dZQP ‡dTXP ‡dCGP ‡dFM0 ‡dOCLCF ‡dIMD ‡dPFLCL ‡dILC ‡dIGA ‡dOCLCO | |
| 019 | . | ‡a966745734 ‡a966772639 ‡a967079916 | |
| 020 | . | ‡a9781595147882 ‡q(hardcover) | |
| 020 | . | ‡a1595147888 ‡q(hardcover) | |
| 020 | . | ‡a9781595141712 | |
| 020 | . | ‡a9781595141880 | |
| 035 | . | ‡a(OCoLC)945719262 ‡z(OCoLC)966745734 ‡z(OCoLC)966772639 ‡z(OCoLC)967079916 | |
| 082 | 1 | 4. | ‡a[Fic] |
| 100 | 1 | . | ‡aAsher, Jay, ‡d1975- ‡eauthor. ‡0(LARL_NWRL_CONSORTIUM)220913 |
| 245 | 1 | 0. | ‡aTh1rteen r3asons why / ‡cby Jay Asher. |
| 246 | 3 | . | ‡aThirteen reasons why |
| 246 | 3 | . | ‡a13 reasons why |
| 250 | . | ‡aDeluxe tenth anniversary edition | |
| 264 | 1. | ‡a[New York] : ‡bRazorbill, ‡c[2016] | |
| 264 | 4. | ‡c©2007 | |
| 300 | . | ‡a288 pages, 42 unnumbered pages ; ‡c22 cm | |
| 336 | . | ‡atext ‡btxt ‡2rdacontent | |
| 337 | . | ‡aunmediated ‡bn ‡2rdamedia | |
| 338 | . | ‡avolume ‡bnc ‡2rdacarrier | |
| 500 | . | ‡aFeaturing : an introduction from Jay Asher, deleted scenes, original ending, and discussion guide. | |
| 500 | . | ‡a"Soon to be a Netflix original series" -- sticker on jacket. | |
| 520 | . | ‡aWhen high school student Clay Jenkins receives a box in the mail containing thirteen cassette tapes recorded by his classmate Hannah, who committed suicide, he spends a bewildering and heartbreaking night crisscrossing their town, listening to Hannah's voice recounting the events leading up to her death. | |
| 650 | 0. | ‡aSuicide ‡vJuvenile fiction. | |
| 650 | 0. | ‡aHigh schools ‡vJuvenile fiction. ‡0(LARL_NWRL_CONSORTIUM)165600 | |
| 650 | 0. | ‡aSchools ‡vJuvenile fiction. ‡0(LARL_NWRL_CONSORTIUM)167227 | |
| 650 | 0. | ‡aInterpersonal relations ‡vJuvenile fiction. ‡0(LARL_NWRL_CONSORTIUM)165337 | |
| 650 | 0. | ‡aTeenagers ‡xSuicidal behavior ‡vFiction. | |
| 650 | 1. | ‡aSuicide ‡vFiction. ‡0(LARL_NWRL_CONSORTIUM)167423 | |
| 650 | 1. | ‡aHigh schools ‡vFiction. ‡0(LARL_NWRL_CONSORTIUM)169592 | |
| 650 | 1. | ‡aSchools ‡vFiction. ‡0(LARL_NWRL_CONSORTIUM)167222 | |
| 650 | 1. | ‡aInterpersonal relations ‡vFiction. ‡0(LARL_NWRL_CONSORTIUM)165331 | |
| 650 | 7. | ‡2fast ‡aHigh schools ‡0(LARL_NWRL_CONSORTIUM)22140 | |
| 650 | 7. | ‡aInterpersonal relations. ‡2fast ‡0(LARL_NWRL_CONSORTIUM)178392 | |
| 650 | 7. | ‡aSchools. ‡2fast ‡0(LARL_NWRL_CONSORTIUM)30355 | |
| 650 | 7. | ‡aSuicide. ‡2fast ‡0(LARL_NWRL_CONSORTIUM)32118 | |
| 650 | 4. | ‡aHigh schools ‡vFiction. ‡0(LARL_NWRL_CONSORTIUM)169592 | |
| 650 | 7. | ‡aYOUNG ADULT FICTION / Mysteries & Detective Stories. ‡2bisacsh | |
| 650 | 7. | ‡aYOUNG ADULT FICTION / Social Themes / Bullying. ‡2bisacsh | |
| 650 | 7. | ‡aYOUNG ADULT FICTION / Social Themes / Suicide. ‡2bisacsh | |
| 655 | 7. | ‡aFiction. ‡2fast | |
| 655 | 7. | ‡aJuvenile works. ‡2fast | |
| 710 | 2 | . | ‡aRazorbill, ‡epublisher. |
| 905 | . | ‡uvanderl | |
| 901 | . | ‡a243299 ‡b ‡c243299 ‡tbiblio ‡soclc | |

Add to basket
Permalink
Disable Highlighting